[Event "Cheliabinsk Panchenko Memorial op-A"]
[Site "Cheliabinsk"]
[Date "2020.09.11"]
[Round "5"]
[White "Chyndygyr, Tamerlan"]
[Black "Khisamov, Ruslan"]
[Result "1-0"]
[WhiteElo "2052"]
[BlackElo "1777"]
[PlyCount "155"]
[EventDate "2020.09.07"]
[EventType "swiss"]
[EventRounds "9"]
[EventCountry "RUS"]
[SourceTitle "CBM 198 Extra"]
[Source "ChessBase"]
[SourceDate "2020.11.30"]
[SourceVersion "1"]
[SourceVersionDate "2020.11.30"]
[SourceQuality "1"]

1. d4 Nf6 2. c4 c5 3. d5 e6 4. Nc3 exd5 5. cxd5 d6 6. e4 g6 7. Nf3 Bg7 8. h3 0-0 9. Bd3 Re8 10. 0-0 a6 11. a4 Nbd7 12. Bf4 Qe7 13. Nd2 Ne5 14. Be2 Bd7 15. a5 h6 16. Re1 g5 17. Bxe5 Qxe5 18. Nc4 Qe7 19. Bg4 Nxg4 20. hxg4 Be5 21. Qf3 Kg7 22. Ne3 Rab8 23. Na4 Bf4 24. Nb6 Bxe3 25. Rxe3 Bb5 26. Ree1 Qe5 27. Qc3 Kg6 28. Qxe5 Rxe5 29. f3 Re7 30. Kf2 Rh8 31. Rh1 f6 32. Ke3 Rc7 33. Rac1 Re7 34. Rh2 Reh7 35. Rh5 Re7 36. g3 Kg7 37. Rh2 Kg6 38. Kd2 Rhe8 39. Rch1 Rh7 40. Kc3 Reh8 41. b3 Rc7 42. Rc1 Re8 43. Kd2 Ree7 44. Ke3 Rh7 45. Rh5 Rhe7 46. Rhh1 Rh7 47. Rh2 Rce7 48. Rhc2 Rhf7 49. Kd2 Rh7 50. Nc8 Rd7 51. Rh1 Rd8 52. Nb6 Re8 53. Kc3 Rc7 54. Rhc1 Rh8 55. b4 h5 56. bxc5 Rxc5+ 57. Kd4 Rxc2 58. gxh5+ Rxh5 59. Rxc2 Rh3 60. Rg2 Rh8 61. g4 Rd8 62. Rc2 Kf7 63. Rc7+ Ke8 64. Rxb7 Kf8 65. Rh7 Kg8 66. Rc7 Kf8 67. Rb7 Kg8 68. Nc4 Kf8 69. Rb6 Ke7 70. Ne3 Be2 71. Nf5+ Kf7 72. Nxd6+ Kg6 73. Ke3 Bf1 74. Nf5 Bb5 75. e5 Re8 76. Rxf6+ Kh7 77. e6 Rd8 78. d6 1-0

[Event "Cheliabinsk Panchenko Memorial op-A"]
[Site "Cheliabinsk"]
[Date "2020.09.07"]
[Round "1"]
[White "Khisamov, Ruslan"]
[Black "Tsvetkov, Andrey1111"]
[Result "0-1"]
[WhiteElo "1777"]
[BlackElo "2358"]
[PlyCount "44"]
[EventDate "2020.09.07"]
[EventType "swiss"]
[EventRounds "9"]
[EventCountry "RUS"]
[SourceTitle "CBM 198 Extra"]
[Source "ChessBase"]
[SourceDate "2020.11.30"]
[SourceVersion "1"]
[SourceVersionDate "2020.11.30"]
[SourceQuality "1"]

1. Nf3 d5 2. c4 e6 3. g3 Nf6 4. Bg2 dxc4 5. 0-0 Nbd7 6. Qc2 a6 7. Qxc4 b5 8. Qc2 Bb7 9. d4 c5 10. dxc5 Bxc5 11. Nc3 Rc8 12. a3 0-0 13. e4 b4 14. axb4 Bxb4 15. Nd2 Qc7 16. Qb3 a5 17. Nb5 Qb6 18. Na3 Ba6 19. Nac4 Qd4 20. Nxa5 Bxf1 21. Nxf1 Bxa5 22. Be3 Qb4 0-1

[Event "RUS Cup U13 final"]
[Site "Bryansk"]
[Date "2019.01.10"]
[Round "7"]
[White "Rakitin, Daniil"]
[Black "Khisamov, Ruslan"]
[Result "1-0"]
[WhiteElo "1625"]
[BlackElo "1734"]
[PlyCount "105"]
[EventDate "2019.01.04"]
[EventType "tourn"]
[EventRounds "7"]
[EventCountry "RUS"]
[SourceTitle "CBM 189 Extra"]
[Source "ChessBase"]
[SourceDate "2019.06.03"]
[SourceVersion "1"]
[SourceVersionDate "2019.06.03"]
[SourceQuality "1"]

1. e4 e6 2. d4 d5 3. Nd2 Nf6 4. e5 Nfd7 5. f4 c5 6. c3 Nc6 7. Ndf3 cxd4 8. cxd4 Bb4+ 9. Kf2 f6 10. Ne2 0-0 11. h4 Qb6 12. Be3 Be7 13. Rb1 Qd8 14. g3 fxe5 15. fxe5 Nb6 16. b3 a5 17. Nf4 a4 18. Bd3 g6 19. Rb2 axb3 20. axb3 Ba3 21. Re2 Be7 22. Kg2 Rf7 23. Nh2 Bxh4 24. Ng4 Bg5 25. Nh6+ Bxh6 26. Rxh6 Rg7 27. Qh1 Ne7 28. Nxg6 Nf5 29. Bxf5 exf5 30. Nf4 Ra6 31. Nh5 Rf7 32. Nf6+ Kf8 33. Nxh7+ Ke8 34. Bg5 Qd7 35. e6 Qxe6 36. Rexe6+ Bxe6 37. Rxe6+ Kd7 38. Qh6 Ra2+ 39. Kf3 Nc8 40. Re5 Ra6 41. Rxd5+ Kc7 42. Bf4+ Nd6 43. Rxd6 Rxd6 44. Qxd6+ Kc8 45. Qb8+ Kd7 46. Qc7+ Ke8 47. Qc8+ Ke7 48. d5 Rxh7 49. d6+ Kf6 50. d7 Rxd7 51. Qxd7 b5 52. Qd6+ Kf7 53. Be5 1-0